000
00318nam a2200121Ia 4500
008
220204s9999 xx 000 0 und d
082
_a
339.1
_b
SAV
100
_a
SAVAIKO, Bernard C
245
0
_a
Trading in soft commodity futures
260
_a
New York
_b
John Wiley
_c
1986
650
_a
Commodity exchanges
942
_c
BK
999
_c
39490
_d
39490